000 00297nam a2200121Ia 4500
008 240731s9999 xx 000 0 und d
022 _a1934-6220
245 0 _aCriminal Justice Matters
260 _bRoutledge
856 _uhttps://www.tandfonline.com/loi/rcjm20
942 _2ddc
942 _cTFEJ
999 _c76092
_d76092
945 _a1
_bMadushi Gamage
_c1
_dMadushi Gamage